Black Ops 3 Attachments/Optics - Statistics

General Stats
  • This quiz has been taken 106 times
  • The average score is 12 of 19
Answer Stats
Answer % Correct
ELO
88%
Rapid Fire
86%
Grip
80%
Fast Mags
79%
Quickdraw
78%
Stock
76%
Reflex
74%
Long Barrel
71%
FMJ
70%
Suppressor
70%
Extended Mags
68%
Thermal
66%
High Caliber
64%
Varix 3
57%
Laser Sight
51%
Recon
51%
BOA 3
43%
Dual Wield
28%
Ballistics CPU
26%
No matching quizzes found
Score Distribution
Percent of People with Each Score
Percentile by Number Answered
Your Score History
You have not taken this quiz